[Event "ODJM B 2019"]
[Site "Willingen GER"]
[Date "2019.06.09"]
[Round "2"]
[White "Dartmann Aubanell, Catriona"]
[Black "Borgmann, Simon"]
[Result "1-0"]
[Termination "normal"]
[Board "29"]
[WhiteElo "1728"]
[BlackElo "1583"]
[PlyCount "51"]
[WhiteFideId "24585270"]
[BlackFideId "16234677"]
[EventCountry "GER"]
[EventRounds "9"]
[EventType "swiss"]
[EventDate "2019.06.08"]

1. e4 d5 2. exd5 Qxd5 3. Nc3 Qa5 4. g3 Nf6 5. Bg2 c6 6. Nge2 Bf5 7. O-O e6 8.
d3 Nbd7 9. Bd2 Qc7 10. Re1 Bd6 11. Nd4 Bg6 12. Ne4 Nxe4 13. dxe4 h6 14. c4
O-O-O 15. Rc1 Qb6 16. Nb3 Qc7 17. Qe2 Be5 18. c5 h5 19. Ba5 b6 20. cxb6 axb6
21. Bc3 Kb7 22. f4 Bf6 23. e5 Be7 24. Bd4 Nb8 25. Qb5 Rc8 26. Na5+ 1-0

[Event "ODJM B 2019"]
[Site "Willingen GER"]
[Date "2019.06.09"]
[Round "2"]
[White "Laag, Pascal"]
[Black "Kuschminder, Paul"]
[Result "1-0"]
[Termination "normal"]
[Board "30"]
[WhiteElo "1699"]
[BlackElo "1495"]
[PlyCount "57"]
[WhiteFideId "16256069"]
[BlackFideId "16252551"]
[EventCountry "GER"]
[EventRounds "9"]
[EventType "swiss"]
[EventDate "2019.06.08"]

1. e4 c5 2. Nf3 Nc6 3. d4 cxd4 4. Nxd4 g6 5. Nc3 Bg7 6. Be3 d6 7. Bc4 Bd7 8.
Qd2 Rc8 9. Bb3 Nf6 10. f3 a6 11. Nxc6 bxc6 12. Bc4 a5 13. Bh6 O-O 14. Bxg7 Kxg7
15. b3 Qb6 16. O-O-O Ra8 17. g4 h5 18. gxh5 Nxh5 19. Rhg1 Rh8 20. Na4 Qa7 21.
Qc3+ f6 22. Qd2 Rab8 23. f4 f5 24. Qg2 Qe3+ 25. Kb1 Nxf4 26. Qg5 Qxe4 27. Rde1
Qxc4 28. Rxe7+ Kg8 29. Qf6 1-0

[Event "ODJM B 2019"]
[Site "Willingen GER"]
[Date "2019.06.09"]
[Round "2"]
[White "Abou Wally, Adrian"]
[Black "Glöckl, Simon"]
[Result "0-1"]
[Termination "normal"]
[Board "31"]
[WhiteElo "1342"]
[BlackElo "1586"]
[PlyCount "96"]
[WhiteFideId "16245113"]
[BlackFideId "16266072"]
[EventCountry "GER"]
[EventRounds "9"]
[EventType "swiss"]
[EventDate "2019.06.08"]

1. e4 c5 2. Nf3 d6 3. Bc4 Nf6 4. Nc3 Nc6 5. d3 g6 6. O-O Bg7 7. Bf4 O-O 8. Re1
Nd7 9. Qd2 a6 10. a4 Nb6 11. Bb3 Bg4 12. Ng5 Nd4 13. h3 Nxb3 14. cxb3 Bd7 15.
Nf3 Bc6 16. Bh6 e5 17. Rac1 Qe7 18. Bxg7 Kxg7 19. Qc2 f5 20. Rcd1 Rf7 21. Qe2
Raf8 22. Qf1 fxe4 23. dxe4 Bd7 24. h4 Bg4 25. Re3 Bxf3 26. gxf3 Rxf3 27. Rxf3
Rxf3 28. Qg2 Rf4 29. a5 Qe6 30. f3 Nc8 31. h5 Ne7 32. hxg6 hxg6 33. Nd5 Nxd5
34. Rxd5 Qf6 35. Kf2 Rxe4 36. Rxd6 Qxd6 37. fxe4 Qd2+ 38. Kf1 Qxg2+ 39. Kxg2
Kf6 40. Kf3 Kg5 41. Kg3 Kh5 42. Kh3 g5 43. Kg3 g4 44. Kg2 Kh4 45. Kh2 g3+ 46.
Kg2 Kg4 47. b4 cxb4 48. b3 Kf4 0-1

[Event "ODJM B 2019"]
[Site "Willingen GER"]
[Date "2019.06.09"]
[Round "2"]
[White "Peglau, Sarah"]
[Black "Garbuz, Nicole"]
[Result "1/2-1/2"]
[Termination "normal"]
[Board "32"]
[WhiteElo "1471"]
[BlackElo "1650"]
[PlyCount "104"]
[WhiteFideId "16219961"]
[BlackFideId "12990701"]
[EventCountry "GER"]
[EventRounds "9"]
[EventType "swiss"]
[EventDate "2019.06.08"]

1. d4 d5 2. c4 e6 3. Nc3 Nf6 4. Bg5 Be7 5. Nf3 Nbd7 6. e3 O-O 7. Rc1 a6 8. Qc2
h6 9. Bh4 Re8 10. a3 c6 11. cxd5 exd5 12. Bd3 Nf8 13. O-O Be6 14. b4 Rc8 15.
Qb3 Ne4 16. Bxe7 Qxe7 17. Rc2 Bf5 18. a4 Nc5 19. bxc5 Bxd3 20. Nxd5 Qe4 21. Rd2
Bxf1 22. Nc3 Qe6 23. Qxe6 Rxe6 24. Kxf1 Nd7 25. Rb2 Rb8 26. a5 Kf8 27. Nd2 Nf6
28. Nc4 Re7 29. Nd6 Ne8 30. Nxe8 Kxe8 31. Na4 Rd8 32. Nb6 f6 33. Nc4 Rb8 34.
Nd6+ Kf8 35. Ke2 Rd7 36. Kf3 g6 37. Kf4 Ke7 38. Rb3 Kd8 39. Rb2 Ke7 40. Rb3 Kd8
41. Kg4 Kc7 42. h4 Rg7 43. g3 h5+ 44. Kh3 Re7 45. Rb2 Rg7 46. Rb3 Rd7 47. Nc4
Rd5 48. Rb2 g5 49. Rb3 Rf5 50. Rb2 g4+ 51. Kg2 Rd5 52. Rb3 f5 1/2-1/2

[Event "ODJM B 2019"]
[Site "Willingen GER"]
[Date "2019.06.09"]
[Round "2"]
[White "Tran, Minh Dat"]
[Black "Pham, Anh Tuan"]
[Result "1-0"]
[Termination "normal"]
[Board "33"]
[WhiteElo "1573"]
[BlackElo "1300"]
[PlyCount "113"]
[WhiteFideId "16244702"]
[BlackFideId "16245229"]
[EventCountry "GER"]
[EventRounds "9"]
[EventType "swiss"]
[EventDate "2019.06.08"]

1. c4 e5 2. Nc3 Nc6 3. g3 g6 4. Bg2 Bg7 5. e4 Nb4 6. d3 Nf6 7. a3 Nc6 8. Nge2
O-O 9. O-O h6 10. f4 exf4 11. Nxf4 d6 12. Rb1 Ne5 13. h3 c6 14. b3 c5 15. Ncd5
Nc6 16. Nxf6+ Bxf6 17. Nd5 Bg7 18. Bb2 Nd4 19. b4 Qg5 20. g4 h5 21. Bc1 Qh4 22.
Qe1 Qxe1 23. Rxe1 hxg4 24. Ne7+ Kh7 25. Nxc8 gxh3 26. Bxh3 Nf3+ 27. Kf1 Nxe1
28. Kxe1 cxb4 29. Nxd6 bxa3 30. Bxa3 b6 31. Ke2 Be5 32. Nb5 Rh8 33. Bb2 Bxb2
34. Rxb2 Kg7 35. Bg2 Rh2 36. Kf3 Rd8 37. Kg3 Rh5 38. Rd2 a6 39. Nc7 a5 40. Nd5
a4 41. Ra2 Rg5+ 42. Kf3 f5 43. exf5 Rxf5+ 44. Ke3 Ra8 45. Be4 Rf7 46. Nxb6 Rh8
47. Rxa4 g5 48. Ra2 Rh3+ 49. Kd4 Kh6 50. Rg2 Rg7 51. Nd5 Rf7 52. c5 Kh5 53. c6
Ra7 54. c7 Ra4+ 55. Ke5 Ra8 56. Nf6+ Kh4 57. Rg4# 1-0

[Event "ODJM B 2019"]
[Site "Willingen GER"]
[Date "2019.06.09"]
[Round "2"]
[White "Chromey, Tamir"]
[Black "Halle, Julia"]
[Result "1-0"]
[Termination "normal"]
[Board "34"]
[WhiteElo "1627"]
[BlackElo "1634"]
[PlyCount "87"]
[WhiteFideId "16287479"]
[BlackFideId "24694940"]
[EventCountry "GER"]
[EventRounds "9"]
[EventType "swiss"]
[EventDate "2019.06.08"]

1. e4 c5 2. Nf3 Nc6 3. c3 g6 4. d4 cxd4 5. cxd4 Bg7 6. Nc3 Nf6 7. Bd3 O-O 8.
O-O d6 9. h3 a6 10. Re1 Qc7 11. Be3 Bd7 12. a3 b6 13. Rc1 Qb7 14. Qe2 Rfc8 15.
b4 Rc7 16. Rc2 Rac8 17. Rec1 Nd8 18. Bd2 Nc6 19. e5 dxe5 20. dxe5 Ne8 21. Nd5
Nd4 22. Nxe7+ Kf8 23. Nxg6+ hxg6 24. Nxd4 Qd5 25. Rxc7 Rxc7 26. Rxc7 Nxc7 27.
Nf3 Ne6 28. Be4 Qa2 29. Qd3 Bc8 30. Ng5 Qa1+ 31. Qb1 Qxe5 32. Qc1 Qa1 33. Nxe6+
Bxe6 34. Bb7 Qxc1+ 35. Bxc1 Bd7 36. Bxa6 Ke7 37. Bb7 Ke6 38. f4 Bd4+ 39. Kf1
Kd6 40. Ke2 Bc6 41. Bxc6 Kxc6 42. Kd3 Kd5 43. g4 f6 44. h4 1-0

[Event "ODJM B 2019"]
[Site "Willingen GER"]
[Date "2019.06.09"]
[Round "2"]
[White "von Jan, Lena"]
[Black "Bilecen, Simon"]
[Result "0-1"]
[Termination "normal"]
[Board "35"]
[WhiteElo "1512"]
[BlackElo "1669"]
[PlyCount "36"]
[WhiteFideId "12946060"]
[BlackFideId "16225511"]
[EventCountry "GER"]
[EventRounds "9"]
[EventType "swiss"]
[EventDate "2019.06.08"]

1. e4 c6 2. d4 d5 3. exd5 cxd5 4. Bd3 g6 5. Nf3 Bg7 6. c3 Nf6 7. Bf4 Nc6 8. h3
O-O 9. Qc1 Qb6 10. Nbd2 Nd7 11. Nf1 e5 12. dxe5 Ndxe5 13. Nxe5 Re8 14. Ne3 Nxe5
15. Be2 Bf5 16. Bxe5 Rxe5 17. O-O Bh6 18. Bf3 Rxe3 0-1

[Event "ODJM B 2019"]
[Site "Willingen GER"]
[Date "2019.06.09"]
[Round "2"]
[White "Rohde, Ragnar"]
[Black "Reuter, Julian-Frank"]
[Result "0-1"]
[Termination "normal"]
[Board "36"]
[WhiteElo "1501"]
[BlackElo "1733"]
[PlyCount "86"]
[WhiteFideId "16287495"]
[BlackFideId "16256182"]
[EventCountry "GER"]
[EventRounds "9"]
[EventType "swiss"]
[EventDate "2019.06.08"]

1. d4 Nf6 2. c4 c5 3. dxc5 e6 4. Nf3 Bxc5 5. Nc3 O-O 6. Bf4 Nc6 7. e3 d5 8.
cxd5 exd5 9. Be2 Bf5 10. O-O d4 11. Na4 d3 12. Nxc5 dxe2 13. Qxe2 b6 14. Rfd1
Qc8 15. Nb3 Nh5 16. Bg3 Nxg3 17. hxg3 Bg4 18. Rac1 Qb7 19. Nbd4 Ne5 20. Qb5
Bxf3 21. Nxf3 Nxf3+ 22. gxf3 Qxf3 23. Rd7 Rac8 24. Rxc8 Rxc8 25. Qc4 Re8 26.
Qd5 Qxd5 27. Rxd5 g6 28. Rd7 a5 29. Rb7 Re6 30. Kf1 Kg7 31. Ke2 Rc6 32. Kd2 Kf6
33. Rd7 Ke6 34. Rd4 Rd6 35. Kc3 Rxd4 36. exd4 Kd5 37. Kd3 h5 38. a4 g5 39. Ke3
f5 40. b3 h4 41. gxh4 gxh4 42. Kf3 Kxd4 43. Kg2 Kc3 0-1

[Event "ODJM B 2019"]
[Site "Willingen GER"]
[Date "2019.06.09"]
[Round "2"]
[White "Francois, Yannick"]
[Black "John, Niklas"]
[Result "1-0"]
[Termination "normal"]
[Board "37"]
[WhiteElo "1643"]
[BlackElo "1324"]
[PlyCount "55"]
[WhiteFideId "16200918"]
[BlackFideId "16234626"]
[EventCountry "GER"]
[EventRounds "9"]
[EventType "swiss"]
[EventDate "2019.06.08"]

1. e4 c5 2. Nc3 d6 3. g3 g6 4. Bg2 Bg7 5. d3 Nf6 6. f4 Nc6 7. Nf3 Bg4 8. O-O
Bxf3 9. Bxf3 Nd7 10. Bg2 Qa5 11. Bd2 e6 12. f5 Nde5 13. fxe6 fxe6 14. Nd5 Qd8
15. Nf4 Qd7 16. Bh3 Nd8 17. c3 h5 18. d4 cxd4 19. cxd4 Nec6 20. d5 Ne7 21. Nxe6
Nxe6 22. Bxe6 Qb5 23. Bg5 Qxb2 24. Rb1 Qd4+ 25. Qxd4 Bxd4+ 26. Kh1 b6 27. Rf7
Ng8 28. Rbf1 1-0

[Event "ODJM B 2019"]
[Site "Willingen GER"]
[Date "2019.06.09"]
[Round "2"]
[White "ter Stal, Lars"]
[Black "Panjer, Sidney"]
[Result "1-0"]
[Termination "normal"]
[Board "38"]
[WhiteElo "1732"]
[BlackElo "1490"]
[PlyCount "41"]
[WhiteFideId "12965200"]
[BlackFideId "16207041"]
[EventCountry "GER"]
[EventRounds "9"]
[EventType "swiss"]
[EventDate "2019.06.08"]

1. e4 e5 2. Nc3 Bc5 3. Bc4 Nc6 4. Qg4 Qf6 5. Nd5 Qxf2+ 6. Kd1 Kd8 7. Nh3 Nf6 8.
Nxf2 Nxg4 9. Nxg4 d6 10. Nge3 Rf8 11. Rf1 g6 12. Rf6 Be6 13. d3 Kd7 14. c3 a5
15. Kc2 Rab8 16. a4 Na7 17. Rf3 Bxd5 18. Bxd5 Ke7 19. Ng4 c6 20. Bb3 Rbd8 21.
Bg5+ 1-0

[Event "ODJM B 2019"]
[Site "Willingen GER"]
[Date "2019.06.09"]
[Round "2"]
[White "Paqarizi, Endrit"]
[Black "Thumm, Niklas"]
[Result "0-1"]
[Termination "normal"]
[Board "39"]
[WhiteElo "1414"]
[BlackElo "1732"]
[PlyCount "76"]
[WhiteFideId "16235827"]
[BlackFideId "12918733"]
[EventCountry "GER"]
[EventRounds "9"]
[EventType "swiss"]
[EventDate "2019.06.08"]

1. d4 Nf6 2. Nc3 d5 3. Bf4 e6 4. e3 c5 5. Nb5 Na6 6. c3 Qb6 7. Qc2 Bd7 8. dxc5
Bxc5 9. Nd4 Rc8 10. Bd3 Bxd4 11. exd4 Nb4 12. Qd2 Nxd3+ 13. Qxd3 Qxb2 14. Rb1
Qxa2 15. Rxb7 Qa1+ 16. Rb1 Qxc3+ 17. Qxc3 Rxc3 18. Ne2 Rc8 19. Bd6 a5 20. O-O
Ne4 21. Bf4 O-O 22. f3 Nf6 23. Rb7 Bc6 24. Ra7 Ra8 25. Rxa8 Rxa8 26. Ra1 Nd7
27. Bc7 a4 28. Kf2 f6 29. Ke3 e5 30. Nc3 Kf7 31. f4 Ke6 32. dxe5 fxe5 33. fxe5
Nxe5 34. Bxe5 Kxe5 35. Kd3 a3 36. Na2 Bb5+ 37. Kd2 Bc4 38. Nc3 a2 0-1

[Event "ODJM B 2019"]
[Site "Willingen GER"]
[Date "2019.06.09"]
[Round "2"]
[White "Ewerhardy, Moritz"]
[Black "Puls, Luisa"]
[Result "0-1"]
[Termination "normal"]
[Board "40"]
[WhiteElo "1654"]
[BlackElo "1465"]
[PlyCount "58"]
[WhiteFideId "36052086"]
[BlackFideId "16266005"]
[EventCountry "GER"]
[EventRounds "9"]
[EventType "swiss"]
[EventDate "2019.06.08"]

1. d4 Nf6 2. c4 c5 3. d5 b5 4. cxb5 a6 5. bxa6 g6 6. Qc2 d6 7. e4 Bxa6 8. Bxa6
Nxa6 9. Nc3 Bg7 10. Nf3 O-O 11. O-O Qa5 12. Bd2 Nb4 13. Qb1 Qa6 14. Ne1 Rfb8
15. a3 c4 16. f3 Nd3 17. Nxd3 cxd3 18. Kh1 Nd7 19. Rd1 Nc5 20. b4 Qc4 21. Rc1
Nb3 22. Qa2 Rc8 23. Ne2 Nxc1 24. Qxc4 Rxc4 25. Rxc1 Rxc1+ 26. Nxc1 Rxa3 27. h3
Bb2 28. Kh2 Bxc1 29. Bxc1 Ra2 0-1

[Event "ODJM B 2019"]
[Site "Willingen GER"]
[Date "2019.06.09"]
[Round "2"]
[White "Kovac, Linda"]
[Black "Borriss, Benjamin"]
[Result "1-0"]
[Termination "normal"]
[Board "41"]
[WhiteElo "1718"]
[BlackElo "1475"]
[PlyCount "139"]
[WhiteFideId "12938815"]
[BlackFideId "16266099"]
[EventCountry "GER"]
[EventRounds "9"]
[EventType "swiss"]
[EventDate "2019.06.08"]

1. d4 d5 2. Nf3 Nf6 3. Bf4 e6 4. e3 Be7 5. c4 O-O 6. Nc3 b6 7. Bd3 Bb7 8. O-O
Nbd7 9. Ne5 c5 10. cxd5 Nxd5 11. Nxd5 exd5 12. b3 Nf6 13. Rc1 Ne4 14. Qg4 f5
15. Qh5 g5 16. f3 gxf4 17. fxe4 fxe4 18. Qg4+ Kh8 19. Be2 Bc8 20. Qh5 Kg7 21.
Rxf4 Rxf4 22. exf4 Qf8 23. Rf1 Qf5 24. Qxf5 Bxf5 25. g4 Be6 26. f5 Bg8 27. Nd7
Bf6 28. dxc5 bxc5 29. Kg2 Bd4 30. Rc1 Rc8 31. g5 Rc7 32. f6+ Kf7 33. Bh5+ Ke6
34. Nf8+ Kf5 35. h4 Bf7 36. Rf1+ Ke5 37. g6 hxg6 38. Nxg6+ Ke6 39. Bg4+ Kd6 40.
h5 Be3 41. Ne7 Rxe7 42. fxe7 Kxe7 43. Rh1 Bh6 44. Re1 Be6 45. Bd1 Kf6 46. Kg3
Ke5 47. Rf1 d4 48. Bg4 d3 49. Bxe6 Kxe6 50. Kf2 Ke5 51. Rg1 Kd4 52. Rg6 Be3+
53. Ke1 d2+ 54. Ke2 Kc3 55. Rd6 Bd4 56. Kd1 e3 57. Re6 Kb2 58. h6 Kxa2 59. h7
Kxb3 60. Rxe3+ Bxe3 61. h8=Q c4 62. Qh3 c3 63. Qxe3 Kb2 64. Qd3 Kb3 65. Qb5+
Ka3 66. Kc2 d1=Q+ 67. Kxd1 a5 68. Kc2 a4 69. Qa5 Ka2 70. Qxa4# 1-0

[Event "ODJM B 2019"]
[Site "Willingen GER"]
[Date "2019.06.09"]
[Round "2"]
[White "Raasch, Hauke"]
[Black "Heß, Wadim"]
[Result "0-1"]
[Termination "normal"]
[Board "42"]
[WhiteElo "1614"]
[BlackElo "1360"]
[PlyCount "106"]
[WhiteFideId "16210034"]
[BlackFideId "16266129"]
[EventCountry "GER"]
[EventRounds "9"]
[EventType "swiss"]
[EventDate "2019.06.08"]

1. b3 Nf6 2. Bb2 Nc6 3. e3 e5 4. Bb5 a6 5. Bxc6 bxc6 6. Bxe5 Bb7 7. Nc3 d6 8.
Bg3 g6 9. Rb1 Bg7 10. Nf3 O-O 11. O-O c5 12. b4 cxb4 13. Rxb4 Rb8 14. a3 Bc6
15. Nd4 Qd7 16. Nxc6 Qxc6 17. Qb1 Rbc8 18. d4 Qxc3 19. Rb3 Qc6 20. Rc1 Ne4 21.
Qb2 Nd2 22. Rc3 Nc4 23. Qb4 d5 24. Qe7 Qe8 25. Qc5 c6 26. Rxc4 dxc4 27. Bd6 Qe6
28. Bxf8 Bxf8 29. Qa5 Qd6 30. Ra1 Rd8 31. Qxa6 c5 32. Qxc4 cxd4 33. exd4 Qxd4
34. Qxd4 Rxd4 35. Kf1 Ra4 36. Ke2 Kg7 37. f3 Kf6 38. g3 Bxa3 39. c3 Ra7 40. h3
Ke5 41. Rd1 Rc7 42. f4+ Kf6 43. Rd3 Bb2 44. Kd2 Kf5 45. Re3 Bxc3+ 46. Ke2 Bd4
47. Ra3 Rc3 48. Ra5+ Ke4 49. Ra8 Rc2+ 50. Kf1 Kf3 51. Ra3+ Be3 52. Ra1 Rf2+ 53.
Ke1 Bd2+ 0-1

[Event "ODJM B 2019"]
[Site "Willingen GER"]
[Date "2019.06.09"]
[Round "2"]
[White "Lohrmann, Linus"]
[Black "Reuter, Max"]
[Result "0-1"]
[Termination "normal"]
[Board "43"]
[WhiteElo "1366"]
[BlackElo "1545"]
[PlyCount "102"]
[WhiteFideId "12982857"]
[BlackFideId "16263715"]
[EventCountry "GER"]
[EventRounds "9"]
[EventType "swiss"]
[EventDate "2019.06.08"]

1. e4 c5 2. Nf3 e6 3. d4 cxd4 4. Nxd4 a6 5. Nc3 Qc7 6. Bd3 Nf6 7. O-O Bb4 8.
Bd2 b5 9. Ncxb5 axb5 10. Bxb4 Ba6 11. Bxb5 Qb6 12. c4 Nxe4 13. a4 Nc6 14. a5
Qxd4 15. Qxd4 Nxd4 16. Bxd7+ Kxd7 17. Rad1 e5 18. f4 Ke6 19. fxe5 Nc6 20. Bd6
Bxc4 21. Rf3 Be2 22. Rc1 Bxf3 23. gxf3 Nxd6 24. Rxc6 Kxe5 25. f4+ Kd5 26. Rc2
Rxa5 27. Rg2 Ra1+ 28. Kf2 Ne4+ 29. Ke3 g6 30. Rc2 Re8 31. Kf3 Rf1+ 32. Kg4 h5+
33. Kh3 Rf3+ 34. Kg2 Rf2+ 35. Rxf2 Nxf2 36. Kxf2 Rb8 37. Kg3 Rxb2 38. h3 f6 39.
Kh4 Rb3 40. f5 g5+ 41. Kxh5 Rxh3+ 42. Kg6 Ke5 43. Kg7 Kxf5 44. Kf7 Rh7+ 45. Kg8
Ra7 46. Kf8 Ke6 47. Kg8 f5 48. Kf8 f4 49. Kg8 Kf6 50. Kh8 Kg6 51. Kg8 Ra8# 0-1

[Event "ODJM B 2019"]
[Site "Willingen GER"]
[Date "2019.06.09"]
[Round "2"]
[White "Ostra, Noah"]
[Black "Bendtschneider, Nils"]
[Result "0-1"]
[Termination "normal"]
[Board "44"]
[WhiteElo "1773"]
[BlackElo "1219"]
[PlyCount "30"]
[WhiteFideId "16228979"]
[BlackFideId "16245180"]
[EventCountry "GER"]
[EventRounds "9"]
[EventType "swiss"]
[EventDate "2019.06.08"]

1. e4 e5 2. Nf3 Nc6 3. Bb5 d6 4. d4 exd4 5. Nxd4 Bd7 6. O-O Nxd4 7. Bxd7+ Qxd7
8. Qxd4 Qg4 9. Nc3 Nf6 10. Nd5 Nxd5 11. Qxd5 c6 12. Qb3 Rb8 13. Re1 Be7 14. e5
dxe5 15. Rxe5 Qd1+ 0-1

[Event "ODJM B 2019"]
[Site "Willingen GER"]
[Date "2019.06.09"]
[Round "2"]
[White "Linnemann, Caspar"]
[Black "Esefelder, Richard"]
[Result "1-0"]
[Termination "normal"]
[Board "45"]
[WhiteElo "1239"]
[BlackElo "1627"]
[PlyCount "139"]
[WhiteFideId "16200284"]
[BlackFideId "16287487"]
[EventCountry "GER"]
[EventRounds "9"]
[EventType "swiss"]
[EventDate "2019.06.08"]

1. e4 c6 2. d4 d5 3. exd5 cxd5 4. Bd3 Nf6 5. Bf4 Nc6 6. Nf3 e6 7. O-O Be7 8. c3
O-O 9. Nbd2 h6 10. Re1 a6 11. Ne5 Nxe5 12. Bxe5 Bd7 13. h3 Rc8 14. Nf3 Bc6 15.
Rc1 Qa5 16. Bb1 Bb5 17. Qc2 g6 18. Re3 Ne4 19. Nd2 Nxd2 20. Qxd2 Bg5 21. f4 Be7
22. Qc2 Kh7 23. Rg3 Rg8 24. Rf3 f6 25. Rg3 Be8 26. f5 fxe5 27. fxg6+ Kg7 28.
dxe5 Qc5+ 29. Kh1 Bb5 30. a4 Bd7 31. Rf1 Be8 32. Rgf3 Kh8 33. Qd2 Bg5 34. g7+
Kxg7 35. Qc2 Rh8 36. Rf8 Qxf8 37. Rxf8 Kxf8 38. Qf2+ Ke7 39. Qb6 Bc6 40. Qc5+
Kf7 41. Qf2+ Ke7 42. h4 Rhf8 43. Qc5+ Ke8 44. Bg6+ Rf7 45. Bxf7+ Kxf7 46. Qf2+
Ke8 47. hxg5 hxg5 48. Qf6 Bd7 49. Qxg5 Rc4 50. Qg8+ Ke7 51. Qb8 Bc8 52. Qd6+
Kf7 53. Qd8 Kg6 54. Qf6+ Kh5 55. Qf3+ Kg5 56. b3 Rf4 57. Qg3+ Rg4 58. Qe3+ Kf5
59. Qf3+ Kg5 60. Qf6+ Kh5 61. Qh8+ Kg5 62. Qxc8 Kf5 63. Qxb7 Re4 64. Qxa6 Kg4
65. Qxe6+ Kg3 66. Qg6+ Kf2 67. Qf5+ Kg3 68. Qf3+ Kh4 69. Kh2 Rg4 70. Qxg4+ 1-0

[Event "ODJM B 2019"]
[Site "Willingen GER"]
[Date "2019.06.09"]
[Round "2"]
[White "Brunauer, Simon"]
[Black "Bardorz, Stefan"]
[Result "0-1"]
[Termination "normal"]
[Board "46"]
[WhiteElo "1607"]
[BlackElo "1646"]
[PlyCount "142"]
[WhiteFideId "16279077"]
[BlackFideId "16245474"]
[EventCountry "GER"]
[EventRounds "9"]
[EventType "swiss"]
[EventDate "2019.06.08"]

1. c4 e5 2. Nc3 Nc6 3. e3 d6 4. g3 f5 5. a3 Nf6 6. Bg2 g6 7. Nge2 Bg7 8. d4 O-O
9. d5 Ne7 10. f4 e4 11. b4 c6 12. dxc6 bxc6 13. Bb2 Be6 14. Qb3 Ng4 15. Na4
Bxb2 16. Nxb2 a5 17. O-O Bf7 18. Nd4 Qb6 19. h3 Nf6 20. b5 cxb5 21. Qxb5 Rab8
22. Qxb6 Rxb6 23. Na4 Rbb8 24. c5 dxc5 25. Nxc5 Ned5 26. Rfe1 Rfc8 27. Rac1 Ne8
28. Nd7 Rxc1 29. Rxc1 Rd8 30. Nc5 Nxe3 31. Nc6 Ra8 32. Nb7 a4 33. Ne5 Bb3 34.
Bf1 Nc2 35. Nc4 Nc7 36. Nbd6 Nd5 37. Kf2 Kf8 38. Ke2 Nd4+ 39. Kf2 Nc2 40. Ke2
Nd4+ 41. Kf2 Ra7 42. Ne5 e3+ 43. Kg1 e2 44. Bg2 Bd1 45. Kf2 Ne3 46. Nd3 Nec2
47. Nc4 Re7 48. Nce5 Nb3 49. Rb1 Nxa3 50. Rb2 Nc2 51. Ne1 Nbd4 52. N5d3 Ra7 53.
Nxc2 Nxc2 54. Ne1 Nxe1 55. Kxe1 a3 56. Ra2 Bb3 57. Ra1 Bc4 58. Bf3 a2 59. Kf2
Re7 60. Ke1 Ke8 61. Bc6+ Kd8 62. Bf3 Kc7 63. Bxe2 Rxe2+ 64. Kf1 Rb2+ 65. Ke1
Rb1+ 66. Rxb1 axb1=Q+ 67. Kd2 Qd3+ 68. Kc1 Qe2 69. g4 Bb3 70. Kb1 Qc2+ 71. Ka1
Qa2# 0-1

[Event "ODJM B 2019"]
[Site "Willingen GER"]
[Date "2019.06.09"]
[Round "2"]
[White "Lohrmann, Tabea"]
[Black "Sarian, Gaya"]
[Result "1-0"]
[Termination "normal"]
[Board "47"]
[WhiteElo "1549"]
[BlackElo "1452"]
[PlyCount "111"]
[WhiteFideId "12911941"]
[BlackFideId "16266161"]
[EventCountry "GER"]
[EventRounds "9"]
[EventType "swiss"]
[EventDate "2019.06.08"]

1. e4 e5 2. Nf3 Nc6 3. d4 exd4 4. Bc4 Nf6 5. e5 d5 6. Bb5 Ne4 7. Nxd4 Bc5 8.
O-O Bd7 9. Bxc6 bxc6 10. f3 Ng5 11. f4 Ne6 12. Be3 Rb8 13. b3 Qh4 14. c3 O-O
15. Rf3 Nxd4 16. Bxd4 Bb6 17. Qd2 Rbd8 18. Qe3 Rfe8 19. Nd2 f6 20. a4 fxe5 21.
fxe5 Bg4 22. Rf4 Qh6 23. a5 c5 24. Rxg4 Qxe3+ 25. Bxe3 Rxe5 26. Bg5 Rde8 27.
axb6 axb6 28. Bf6 R5e6 29. Bxg7 Rg6 30. Rxg6 hxg6 31. Bh6 d4 32. cxd4 cxd4 33.
b4 Kf7 34. Kf2 Kf6 35. Re1 Rxe1 36. Kxe1 c5 37. bxc5 bxc5 38. Ne4+ Ke5 39. Nxc5
Kd5 40. Nd3 Ke4 41. Nf2+ Kf5 42. Ke2 g5 43. Bxg5 Kxg5 44. Kd3 Kh5 45. Kxd4 Kg5
46. Ke5 Kh5 47. Kf6 Kh4 48. h3 Kh5 49. g4+ Kh6 50. g5+ Kh7 51. g6+ Kg8 52. g7
Kh7 53. Kf7 Kh6 54. g8=Q Kh5 55. Qg6+ Kh4 56. Qg4# 1-0

[Event "ODJM B 2019"]
[Site "Willingen GER"]
[Date "2019.06.09"]
[Round "2"]
[White "Kessen, Fanny"]
[Black "Feidt, Jonas"]
[Result "0-1"]
[Termination "normal"]
[Board "48"]
[WhiteElo "1232"]
[BlackElo "1622"]
[PlyCount "66"]
[WhiteFideId "16217357"]
[BlackFideId "16243617"]
[EventCountry "GER"]
[EventRounds "9"]
[EventType "swiss"]
[EventDate "2019.06.08"]

1. e4 c6 2. d4 d5 3. exd5 cxd5 4. Bd3 Nc6 5. c3 Qc7 6. Ne2 Bg4 7. f3 Bd7 8. O-O
Nf6 9. Bf4 e5 10. dxe5 Nxe5 11. Nd4 Bd6 12. Re1 O-O 13. Bxe5 Bxe5 14. f4 Bxf4
15. Nf3 Qb6+ 16. Kh1 Qxb2 17. a3 Rfe8 18. Rf1 Ng4 19. Qc2 Qxc2 20. Bxc2 Ne3 21.
Rf2 Nxc2 22. Rxc2 Re3 23. Nbd2 Rc8 24. c4 dxc4 25. Rxc4 Rxc4 26. Nxc4 Rc3 27.
Nce5 Bc6 28. Rd1 g6 29. a4 Bxa4 30. Ra1 Bc6 31. Rg1 Bxf3 32. Nxf3 Rc1 33. Rxc1
Bxc1 0-1

[Event "ODJM B 2019"]
[Site "Willingen GER"]
[Date "2019.06.09"]
[Round "2"]
[White "Keck, Johannes"]
[Black "Petrosyan, Tigran"]
[Result "0-1"]
[Termination "normal"]
[Board "49"]
[WhiteElo "1402"]
[BlackElo "1603"]
[PlyCount "122"]
[WhiteFideId "16258746"]
[BlackFideId "12962783"]
[EventCountry "GER"]
[EventRounds "9"]
[EventType "swiss"]
[EventDate "2019.06.08"]

1. e4 c6 2. d4 d5 3. e5 Bf5 4. c4 e6 5. f4 dxc4 6. Bxc4 Nd7 7. Nf3 Nb6 8. Bb3
Bb4+ 9. Bd2 Bxd2+ 10. Qxd2 Ne7 11. O-O O-O 12. Na3 Qc7 13. Bc2 Bxc2 14. Nxc2
Rfd8 15. Ng5 c5 16. Ne4 cxd4 17. Nd6 Nc4 18. Nxc4 Qxc4 19. Qb4 Qxb4 20. Nxb4
Rac8 21. Rac1 a5 22. Nd3 Nd5 23. Rfd1 Ne3 24. Rxc8 Rxc8 25. Rd2 Kf8 26. Kf2 Ke7
27. Ne1 Nc4 28. Rc2 Rc6 29. b3 Ne3 30. Rd2 Rc1 31. Rxd4 Nc2 32. Nd3 Rd1 33. Rc4
Rd2+ 34. Kf1 Ne3+ 35. Ke1 Rxd3 36. Rc7+ Rd7 37. Rxd7+ Kxd7 38. Kf2 Nd5 39. Kf3
Nb4 40. a3 Nc2 41. a4 Na1 42. Ke4 Nxb3 43. f5 Nc5+ 44. Kd4 Nxa4 45. g4 exf5 46.
gxf5 b5 47. Kd5 Nc3+ 48. Kd4 b4 49. h4 g6 50. fxg6 hxg6 51. Kc4 Ke6 52. h5 gxh5
53. Kb3 h4 54. Kc4 h3 55. Kb3 h2 56. Kc4 h1=Q 57. Kb3 a4+ 58. Kb2 Qg2+ 59. Kc1
Kd5 60. e6 b3 61. exf7 Qc2# 0-1

[Event "ODJM B 2019"]
[Site "Willingen GER"]
[Date "2019.06.09"]
[Round "2"]
[White "Hungeling, David"]
[Black "Senechal, Niklas Bennett"]
[Result "1-0"]
[Termination "normal"]
[Board "50"]
[WhiteElo "1566"]
[BlackElo "1470"]
[PlyCount "53"]
[WhiteFideId "16222440"]
[BlackFideId "16231180"]
[EventCountry "GER"]
[EventRounds "9"]
[EventType "swiss"]
[EventDate "2019.06.08"]

1. e4 c6 2. d4 d5 3. Nc3 dxe4 4. Nxe4 Bf5 5. Nc3 e6 6. Nf3 Nf6 7. Bd3 Bxd3 8.
Qxd3 c5 9. Qb5+ Qd7 10. dxc5 Qxb5 11. Nxb5 Nd5 12. c4 Nb4 13. Nc7+ Kd7 14. Nxa8
Nc2+ 15. Ke2 Nxa1 16. Bf4 Bxc5 17. Ne5+ Ke7 18. Rxa1 Na6 19. Rd1 Bd6 20. Ng6+
hxg6 21. Bxd6+ Kd7 22. Be5+ Kc6 23. b4 Nxb4 24. Nc7 f6 25. Bg3 a6 26. Nxe6 Re8
27. Rd6# 1-0